[Event "AUT-chT 2324"]
[Site "Austria"]
[Date "2024.03.24"]
[Round "11.2"]
[White "Sebenik, Matej"]
[Black "Horvath, Dominik"]
[Result "1/2-1/2"]
[WhiteElo "2531"]
[BlackElo "2549"]
[PlyCount "116"]
[EventDate "2023.11.22"]
[EventType "team-tourn"]
[EventRounds "11"]
[EventCountry "AUT"]
[SourceTitle "CB13_2024"]
[SourceDate "2024.03.27"]
[SourceVersion "1"]
[SourceVersionDate "2024.03.27"]
[SourceQuality "1"]
[WhiteTeam "Raika Feffernitz"]
[BlackTeam "Fuerstenfeld/Hartberg"]
[WhiteTeamCountry "AUT"]
[BlackTeamCountry "AUT"]

1. d4 Nf6 2. c4 g6 3. Nf3 Bg7 4. g3 c6 5. Bg2 d5 6. cxd5 cxd5 7. Ne5 0-0 8. Nc3 Nc6 9. 0-0 Bf5 10. Bf4 Nh5 11. Nxc6 bxc6 12. Be3 c5 13. Nxd5 e6 14. Nf4 cxd4 15. Nxh5 gxh5 16. Bxa8 Qxa8 17. Bd2 Bh3 18. f3 Bxf1 19. Qxf1 Qd5 20. b3 h4 21. Rc1 hxg3 22. hxg3 h5 23. Rc4 Rd8 24. Kg2 Qf5 25. Qc1 Rd5 26. Rc8+ Kh7 27. Qc4 h4 28. g4 Qg6 29. Qd3 Re5 30. Kf2 f5 31. g5 h3 32. Bf4 Qh5 33. Rc7 Rd5 34. Kg1 Qh4 35. Qd2 e5 36. Bh2 d3 37. exd3 f4 38. Qe2 Qxg5+ 39. Kh1 Qg6 40. Qf1 Qf5 41. Rxa7 Rxd3 42. Rf7 Qg6 43. Qxh3+ Kg8 44. Rd7 Rxd7 45. Qxd7 Qb1+ 46. Bg1 Qxa2 47. Qd8+ Bf8 48. Qd5+ Kh7 49. Qe4+ Kg8 50. Qg6+ Bg7 51. Qe6+ Kh7 52. Qd5 Bf8 53. Qe4+ Kg8 54. b4 Qb3 55. Bc5 Bxc5 56. bxc5 Qd1+ 57. Kg2 Qd2+ 58. Kh3 Qd7+ 1/2-1/2

[Event "AUT-chT 2324"]
[Site "Austria"]
[Date "2024.03.20"]
[Round "7.3"]
[White "Hracek, Zbynek"]
[Black "Sebenik, Matej"]
[Result "1/2-1/2"]
[WhiteElo "2550"]
[BlackElo "2531"]
[PlyCount "98"]
[EventDate "2023.11.22"]
[EventType "team-tourn"]
[EventRounds "11"]
[EventCountry "AUT"]
[SourceTitle "CB13_2024"]
[SourceDate "2024.03.27"]
[SourceVersion "1"]
[SourceVersionDate "2024.03.27"]
[SourceQuality "1"]
[WhiteTeam "Mistelbach"]
[BlackTeam "Raika Feffernitz"]
[WhiteTeamCountry "AUT"]
[BlackTeamCountry "AUT"]

1. e4 c5 2. Nf3 Nc6 3. Bb5 Nf6 4. Bxc6 dxc6 5. d3 Bg4 6. Nbd2 Nd7 7. Nc4 e6 8. h3 Bh5 9. g4 Bg6 10. h4 b5 11. h5 Bxe4 12. dxe4 bxc4 13. Bd2 Be7 14. Qe2 Qb8 15. Bc3 Bf6 16. e5 Be7 17. Nd2 Nb6 18. Nxc4 Nxc4 19. Qxc4 Qb5 20. b3 Rd8 21. f4 Rd5 22. h6 g6 23. Rh3 0-0 24. g5 Rfd8 25. Re3 Qb6 26. Re4 R8d7 27. Kf2 Qd8 28. Rae1 Rd1 29. Rxd1 Rxd1 30. Re1 Rd5 31. Ke2 Qd7 32. Rf1 Bd8 33. Rf3 Kf8 34. Rd3 Rxd3 35. Qxd3 Qd5 36. Bd2 Ke8 37. Be3 Be7 38. Bf2 Kd7 39. c4 Qxd3+ 40. Kxd3 Kc7 41. Kc3 Kb7 42. Kb2 Bf8 43. Ka3 Be7 44. Ka4 Ka6 45. Be3 Kb7 46. Bd2 Bd8 47. Be1 Ka6 48. Bf2 Be7 49. Be3 Kb7 1/2-1/2

[Event "EU-ch Blitz"]
[Site "Zagreb"]
[Date "2023.12.16"]
[Round "3"]
[White "Pastar, Slaven"]
[Black "Sebenik, Matej"]
[Result "1/2-1/2"]
[WhiteElo "2357"]
[BlackElo "2534"]
[PlyCount "114"]
[EventDate "2023.12.16"]
[EventType "swiss (blitz)"]
[EventRounds "13"]
[EventCountry "CRO"]
[SourceTitle "CB51_2023"]
[SourceDate "2023.12.20"]
[SourceVersion "1"]
[SourceVersionDate "2023.12.20"]
[SourceQuality "1"]

1. Nf3 d5 2. g3 Bg4 3. Bg2 e6 4. 0-0 Nf6 5. d4 Nbd7 6. Nbd2 c6 7. Re1 Be7 8. e4 h6 9. c3 0-0 10. e5 Nh7 11. h3 Bh5 12. Nf1 Ng5 13. N1h2 Nxf3+ 14. Nxf3 c5 15. Be3 Rc8 16. Qd2 Bxf3 17. Bxf3 cxd4 18. cxd4 Bg5 19. Bxg5 Qxg5 20. Qb4 Nb6 21. b3 Rc2 22. Re2 Rfc8 23. Rae1 Rxe2 24. Rxe2 Qf5 25. Kg2 Qd3 26. Re3 Qc2 27. Qe7 Qc7 28. Qb4 Nd7 29. Bh5 g6 30. Be2 Nb8 31. Qd2 Kg7 32. Rf3 Qb6 33. Qf4 Qc7 34. Bd3 Qe7 35. h4 h5 36. g4 Rh8 37. g5 Nc6 38. Bb5 Nb8 39. Rc3 a6 40. Bd3 Nc6 41. a3 Rc8 42. b4 Rc7 43. Rc5 Kg8 44. Qc1 Kf8 45. a4 Rd7 46. Qc3 Ke8 47. b5 axb5 48. axb5 Nd8 49. Rc8 b6 50. Bb1 Ra7 51. Rb8 Qc7 52. Qxc7 Rxc7 53. Rxb6 Rc1 54. Bd3 Rd1 55. Be2 Rxd4 56. Rd6 Rb4 57. b6 Ke7 1/2-1/2

[Event "EU-chT 24th"]
[Site "Budva"]
[Date "2023.11.14"]
[Round "4.3"]
[White "Sebenik, Matej"]
[Black "Indjic, Aleksandar"]
[Result "0-1"]
[WhiteElo "2531"]
[BlackElo "2601"]
[PlyCount "136"]
[EventDate "2023.11.11"]
[EventType "team-swiss"]
[EventRounds "9"]
[EventCountry "MNE"]
[SourceTitle "CB47_2023"]
[SourceDate "2023.11.22"]
[SourceVersion "1"]
[SourceVersionDate "2023.11.22"]
[SourceQuality "1"]
[WhiteTeam "Slovenia"]
[BlackTeam "Serbia"]
[WhiteTeamCountry "SLO"]
[BlackTeamCountry "SRB"]

1. Nf3 d5 2. d4 Bf5 3. c4 e6 4. Nc3 Nf6 5. cxd5 exd5 6. Bg5 c6 7. Bxf6 Qxf6 8. e3 Bd6 9. Bd3 Nd7 10. 0-0 Bg4 11. h3 Bh5 12. Be2 Qe7 13. Re1 f5 14. Qb3 Rb8 15. Nd2 Bf7 16. Bd3 Be6 17. Qc2 0-0 18. f4 g5 19. fxg5 Qxg5 20. Nf3 Qh6 21. Qf2 Kh8 22. Ne2 Nf6 23. Nf4 Ne4 24. Qh4 Qxh4 25. Nxh4 Bd7 26. a3 Rg8 27. Rf1 Rbe8 28. Rae1 Re7 29. Kh2 Ng3 30. Rf3 Nh5 31. Ref1 Reg7 32. R1f2 Ng3 33. Kg1 Be7 34. Rxg3 Rxg3 35. Nf3 Bd6 36. Nh5 R3g6 37. Nf4 Rf6 38. Ne5 Bxe5 39. dxe5 Rh6 40. Bc2 Re8 41. Nd3 Bc8 42. b4 Rh4 43. Rf4 Rh6 44. a4 Rg8 45. Kf2 Re6 46. Rh4 Kg7 47. Kf3 Rh6 48. Rf4 Re8 49. Ke2 b6 50. Kd2 Rg6 51. Rf2 Rg3 52. Nf4 Kh6 53. Ne2 Rgg8 54. g4 fxg4 55. hxg4 Bxg4 56. Nf4 Rg7 57. e6 Kg5 58. b5 cxb5 59. axb5 Bxe6 60. Rg2+ Bg4 61. Nxd5 h5 62. e4 Rf7 63. Ke3 Rf3+ 64. Kd4 h4 65. e5 h3 66. Rh2 Kh4 67. Be4 Kg3 68. Rh1 h2 0-1

[Event "Mitropa Cup"]
[Site "Mali Losinj"]
[Date "2023.04.18"]
[Round "8.17"]
[White "Sebenik, Matej"]
[Black "Dotzer, Lukas"]
[Result "1/2-1/2"]
[WhiteElo "2523"]
[BlackElo "2416"]
[PlyCount "112"]
[EventDate "2023.04.11"]
[EventType "team-tourn"]
[EventRounds "9"]
[EventCountry "CRO"]
[SourceTitle "CBM 213 Extra"]
[Source "ChessBase"]
[SourceDate "2023.05.31"]
[SourceVersion "1"]
[SourceVersionDate "2023.05.31"]
[SourceQuality "1"]
[WhiteTeam "Slovenia"]
[BlackTeam "Austria"]
[WhiteTeamCountry "SLO"]
[BlackTeamCountry "AUT"]

1. d4 Nf6 2. Nf3 g6 3. c4 Bg7 4. g3 0-0 5. Bg2 d6 6. Nc3 Nc6 7. 0-0 a6 8. b3 Rb8 9. d5 Na5 10. Bg5 c5 11. dxc6 Nxc6 12. Rc1 Qa5 13. Qd2 Be6 14. Rfd1 Rfc8 15. h3 b5 16. cxb5 axb5 17. Bxf6 Bxf6 18. Ne4 Qxd2 19. Nxf6+ exf6 20. Rxd2 d5 21. g4 Nb4 22. Rxc8+ Rxc8 23. Nd4 Rc1+ 24. Kh2 Ra1 25. Nxb5 Nxa2 26. Bxd5 Bxd5 27. Rxd5 Rb1 28. Nd4 Nc1 29. Rd8+ Kg7 30. Rd7 Kg8 31. Rb7 Rb2 32. Kg3 Nxe2+ 33. Nxe2 Rxe2 34. Rd7 Re4 35. Kf3 Rb4 36. Rd3 Kg7 37. Ke3 g5 38. Kd2 f5 39. Kc3 Rf4 40. f3 fxg4 41. fxg4 f5 42. gxf5 Rxf5 43. b4 h5 44. Kc4 g4 45. hxg4 hxg4 46. b5 Kh6 47. b6 Rf7 48. Rb3 Rb7 49. Rb5 g3 50. Kc5 g2 51. Rb1 Kh5 52. Rg1 Rg7 53. Kc6 Kh4 54. b7 Rxb7 55. Kxb7 Kh3 56. Rxg2 Kxg2 1/2-1/2

[Event "Mitropa Cup"]
[Site "Mali Losinj"]
[Date "2023.04.16"]
[Round "6.1"]
[White "Pechac, Jergus"]
[Black "Sebenik, Matej"]
[Result "1-0"]
[WhiteElo "2610"]
[BlackElo "2523"]
[PlyCount "61"]
[EventDate "2023.04.11"]
[EventType "team-tourn"]
[EventRounds "9"]
[EventCountry "CRO"]
[SourceTitle "CBM 213 Extra"]
[Source "ChessBase"]
[SourceDate "2023.05.31"]
[SourceVersion "1"]
[SourceVersionDate "2023.05.31"]
[SourceQuality "1"]
[WhiteTeam "Slovakia"]
[BlackTeam "Slovenia"]
[WhiteTeamCountry "SVK"]
[BlackTeamCountry "SLO"]

1. e4 c5 2. Nf3 Nc6 3. Bb5 e6 4. 0-0 Nge7 5. Re1 a6 6. Bf1 b6 7. Nc3 Bb7 8. d4 cxd4 9. Nxd4 Nxd4 10. Qxd4 Nc6 11. Qd1 Qc7 12. Nd5 exd5 13. exd5+ Ne5 14. f4 Bc5+ 15. Kh1 d6 16. fxe5 dxe5 17. Be3 0-0 18. Qd2 Qd6 19. Rad1 f5 20. Bxc5 bxc5 21. Qa5 e4 22. Re3 Rf6 23. Rb3 Rh6 24. h3 Rb8 25. Bc4 Kh8 26. Bxa6 Qxa6 27. Qc7 Rg8 28. Rxb7 Qe2 29. Rg1 Qxc2 30. Rb8 e3 31. Qd8 1-0

[Event "AUT-chT 2223"]
[Site "Austria"]
[Date "2023.03.26"]
[Round "8.1"]
[White "Sebenik, Matej"]
[Black "Brunner, Nicolas"]
[Result "1/2-1/2"]
[WhiteElo "2524"]
[BlackElo "2448"]
[PlyCount "73"]
[EventDate "2022.11.03"]
[EventType "team-tourn"]
[EventRounds "11"]
[EventCountry "AUT"]
[SourceTitle "CBM 213 Extra"]
[Source "ChessBase"]
[SourceDate "2023.05.31"]
[SourceVersion "1"]
[SourceVersionDate "2023.05.31"]
[SourceQuality "1"]
[WhiteTeam "Raika Feffernitz"]
[BlackTeam "Hohenems"]
[WhiteTeamCountry "AUT"]
[BlackTeamCountry "AUT"]

1. d4 d5 2. c4 e6 3. Nf3 Nf6 4. g3 dxc4 5. Bg2 c6 6. 0-0 b5 7. a4 Bb7 8. Ne5 a6 9. b3 cxb3 10. Bb2 Nbd7 11. Nd2 Nxe5 12. dxe5 Nd5 13. Qxb3 Be7 14. Ne4 0-0 15. Rfd1 Qb6 16. Nd6 Bxd6 17. exd6 c5 18. e4 Nf6 19. Bxf6 gxf6 20. Qf3 f5 21. Qe3 fxe4 22. Qg5+ Kh8 23. Qf6+ Kg8 24. Qg5+ Kh8 25. Qf6+ Kg8 26. axb5 axb5 27. Qg5+ Kh8 28. Qf6+ Kg8 29. Qg5+ Kh8 30. Rxa8 Rxa8 31. d7 Rd8 32. h4 Qc7 33. Qf6+ Kg8 34. Qg5+ Kf8 35. Qh6+ Kg8 36. Qg5+ Kf8 37. Qh6+ 1/2-1/2

[Event "AUT-chT 2223"]
[Site "Austria"]
[Date "2023.03.24"]
[Round "6.1"]
[White "Donchenko, Alexander"]
[Black "Sebenik, Matej"]
[Result "1-0"]
[WhiteElo "2645"]
[BlackElo "2524"]
[PlyCount "71"]
[EventDate "2022.11.03"]
[EventType "team-tourn"]
[EventRounds "11"]
[EventCountry "AUT"]
[SourceTitle "CBM 213 Extra"]
[Source "ChessBase"]
[SourceDate "2023.05.31"]
[SourceVersion "1"]
[SourceVersionDate "2023.05.31"]
[SourceQuality "1"]
[WhiteTeam "Jenbach"]
[BlackTeam "Raika Feffernitz"]
[WhiteTeamCountry "AUT"]
[BlackTeamCountry "AUT"]

1. c4 e6 2. Nc3 c5 3. Nf3 Nf6 4. e3 Nc6 5. d4 d5 6. a3 a6 7. dxc5 Bxc5 8. b4 Bd6 9. Bb2 0-0 10. cxd5 exd5 11. Be2 Be6 12. 0-0 Qe7 13. h3 Rfd8 14. Nd4 Rac8 15. Rc1 Ne5 16. Nxe6 fxe6 17. Qb3 Nc4 18. Rfd1 b5 19. Ba1 Bb8 20. a4 Qd6 21. g3 Nxe3 22. Nxb5 Rxc1 23. Nxd6 Nxd1 24. Bxf6 Nc3+ 25. Bf1 gxf6 26. Qb2 Ne2+ 27. Kg2 Rxd6 28. Bxe2 Rc7 29. Qxf6 Rf7 30. Qg5+ Kf8 31. Bh5 Rf5 32. Qh6+ Kg8 33. Bg4 e5 34. Qe3 d4 35. Qb3+ Rf7 36. Be6 1-0

[Event "EU-ch 23rd"]
[Site "Vrnjacka Banja"]
[Date "2023.03.12"]
[Round "10"]
[White "Sebenik, Matej"]
[Black "Sargsyan, Shant"]
[Result "1/2-1/2"]
[WhiteElo "2536"]
[BlackElo "2630"]
[PlyCount "87"]
[EventDate "2023.03.03"]
[EventType "swiss"]
[EventRounds "11"]
[EventCountry "SRB"]
[SourceTitle "CBM 213"]
[Source "ChessBase"]
[SourceDate "2023.04.30"]
[SourceVersion "1"]
[SourceVersionDate "2023.04.30"]
[SourceQuality "1"]

1. Nf3 d5 2. d4 Nf6 3. c4 e6 4. g3 dxc4 5. Bg2 a6 6. 0-0 Nc6 7. Nbd2 b5 8. b3 Rb8 9. Bb2 cxb3 10. Nxb3 Bb7 11. Qc1 Bd6 12. e4 Be7 13. Rd1 0-0 14. d5 exd5 15. Nh4 Nd7 16. exd5 Nce5 17. Nf5 Bf6 18. Na5 Nc4 19. Nxc4 bxc4 20. Rb1 Ba8 21. Qc2 Bxb2 22. Rxb2 Rxb2 23. Qxb2 Qf6 24. Qxf6 Nxf6 25. Rc1 Rd8 26. Rxc4 g6 27. d6 cxd6 28. Bxa8 gxf5 29. Bb7 a5 30. Rf4 d5 31. Rxf5 Kg7 32. Ba6 Rb8 33. Kg2 Rb2 34. a4 Kg6 35. Bd3 Kg7 36. h3 Rd2 37. Bb5 Ne4 38. Bc6 Nc3 39. g4 h6 40. h4 Rd4 41. Kf3 Rd3+ 42. Kg2 Rd4 43. Kf3 Rd3+ 44. Kg2 1/2-1/2

[Event "EU-ch 23rd"]
[Site "Vrnjacka Banja"]
[Date "2023.03.11"]
[Round "9"]
[White "Schekachikhin, Maksim"]
[Black "Sebenik, Matej"]
[Result "0-1"]
[WhiteElo "2367"]
[BlackElo "2536"]
[PlyCount "62"]
[EventDate "2023.03.03"]
[EventType "swiss"]
[EventRounds "11"]
[EventCountry "SRB"]
[SourceTitle "CBM 213"]
[Source "ChessBase"]
[SourceDate "2023.04.30"]
[SourceVersion "1"]
[SourceVersionDate "2023.04.30"]
[SourceQuality "1"]

1. d4 Nf6 2. c4 g6 3. Nc3 Bg7 4. e4 d6 5. Be2 0-0 6. Be3 Nc6 7. d5 Ne5 8. f4 Neg4 9. Bd2 Nh6 10. h3 e6 11. g4 exd5 12. cxd5 Re8 13. Qc2 Bd7 14. Kf1 c6 15. g5 Nxe4 16. gxh6 Bxc3 17. Bxc3 Qh4 18. Be1 Qxf4+ 19. Bf3 cxd5 20. Qc1 Qe5 21. a4 Rac8 22. Qd1 Qxb2 23. Ne2 Ng5 24. Rb1 Qf6 25. Ng1 Bxa4 26. Qxa4 Nxf3 27. Nxf3 Qxf3+ 28. Kg1 Re2 29. Qg4 Qe3+ 30. Kf1 Re8 31. Qg3 Qe4 0-1

[Event "EU-ch 23rd"]
[Site "Vrnjacka Banja"]
[Date "2023.03.10"]
[Round "8"]
[White "Sebenik, Matej"]
[Black "Peyrer, Konstantin"]
[Result "1-0"]
[WhiteElo "2536"]
[BlackElo "2395"]
[PlyCount "135"]
[EventDate "2023.03.03"]
[EventType "swiss"]
[EventRounds "11"]
[EventCountry "SRB"]
[SourceTitle "CBM 213"]
[Source "ChessBase"]
[SourceDate "2023.04.30"]
[SourceVersion "1"]
[SourceVersionDate "2023.04.30"]
[SourceQuality "1"]

1. c4 e6 2. g3 Nf6 3. Bg2 d5 4. Nf3 dxc4 5. Qa4+ Nbd7 6. Qxc4 a6 7. Qb3 c5 8. d3 Bd6 9. a4 0-0 10. 0-0 Bc7 11. Bd2 e5 12. Rd1 e4 13. dxe4 Nxe4 14. Nc3 Nxd2 15. Nxd2 Rb8 16. Nc4 b6 17. h4 Kh8 18. Rd3 f5 19. e3 Qe8 20. Nd6 Bxd6 21. Rxd6 Bb7 22. Bxb7 Rxb7 23. Rad1 Qf7 24. Qd5 Qxd5 25. R1xd5 Rf7 26. a5 bxa5 27. Rxa6 g6 28. Rxa5 Rxb2 29. Ra7 Rc2 30. Rdxd7 Rxd7 31. Rxd7 Rxc3 32. h5 Rb3 33. h6 Rb8 34. Rc7 Kg8 35. Kg2 c4 36. Rxc4 Rb7 37. Kf3 Kf7 38. Kf4 Rb2 39. Rc7+ Kf6 40. Rc6+ Ke7 41. f3 Rh2 42. Rc7+ Kf6 43. g4 fxg4 44. fxg4 Rf2+ 45. Ke4 Kg5 46. Rxh7 Rf8 47. Kd5 Rd8+ 48. Ke6 Ra8 49. Re7 Kxh6 50. Kf6 Ra6+ 51. Re6 Ra1 52. g5+ Kh5 53. e4 Rf1+ 54. Kg7 Rf4 55. e5 Rf5 56. Re8 Kxg5 57. e6 Rf1 58. Ra8 Re1 59. Ra5+ Kh4 60. Kf6 g5 61. Re5 Rf1+ 62. Kg7 Ra1 63. e7 Ra8 64. e8Q Rxe8 65. Rxe8 g4 66. Kf6 g3 67. Kf5 g2 68. Kf4 1-0

[Event "Bassano del Grappa Vergani Cup"]
[Site "Bassano del Grappa"]
[Date "2023.02.05"]
[Round "8"]
[White "Sebenik, Matej"]
[Black "Seo, Jung Min"]
[Result "1/2-1/2"]
[WhiteElo "2540"]
[BlackElo "2509"]
[PlyCount "29"]
[EventDate "2023.02.01"]
[EventType "swiss"]
[EventRounds "9"]
[EventCountry "ITA"]
[SourceTitle "CBM 212 Extra"]
[Source "ChessBase"]
[SourceDate "2023.03.31"]
[SourceVersion "1"]
[SourceVersionDate "2023.03.31"]
[SourceQuality "1"]

1. Nf3 d5 2. d4 Nf6 3. c4 e6 4. g3 Bb4+ 5. Bd2 a5 6. Bg2 0-0 7. Qc2 Be7 8. 0-0 c6 9. Bf4 Nbd7 10. Rd1 h6 11. a3 Nh5 12. Bc1 Nhf6 13. Bf4 Nh5 14. Bc1 Nhf6 15. Bf4 1/2-1/2

[Event "Bassano del Grappa Vergani Cup"]
[Site "Bassano del Grappa"]
[Date "2023.02.02"]
[Round "3"]
[White "Lodici, Lorenzo"]
[Black "Sebenik, Matej"]
[Result "1/2-1/2"]
[WhiteElo "2511"]
[BlackElo "2540"]
[PlyCount "80"]
[EventDate "2023.02.01"]
[EventType "swiss"]
[EventRounds "9"]
[EventCountry "ITA"]
[SourceTitle "CBM 212 Extra"]
[Source "ChessBase"]
[SourceDate "2023.03.31"]
[SourceVersion "1"]
[SourceVersionDate "2023.03.31"]
[SourceQuality "1"]

1. e4 c5 2. Be2 Nc6 3. f4 d5 4. d3 e6 5. Nf3 Bd6 6. c3 Nge7 7. e5 Bc7 8. d4 cxd4 9. cxd4 Nf5 10. Na3 Bb6 11. Nc2 Bd7 12. g4 Nh4 13. 0-0 Nxf3+ 14. Rxf3 f6 15. Kg2 0-0 16. Rh3 fxe5 17. fxe5 Be8 18. Bd3 h6 19. g5 Nxd4 20. Nxd4 Bxd4 21. Qg4 Qb6 22. gxh6 g6 23. Rf3 Rxf3 24. Kxf3 Bxe5 25. Be3 d4 26. Bd2 Kh8 27. Qg5 Qc7 28. Re1 Qf7+ 29. Ke2 Bf6 30. Qg4 e5 31. Rf1 Qe7 32. Kd1 Kh7 33. Rg1 Rd8 34. Bxg6+ Kh8 35. Bd3 Bc6 36. Re1 Rg8 37. Qf5 Bd7 38. Qe4 Bc6 39. Qf5 Bd7 40. Qe4 Bc6 1/2-1/2